000 00589nam a22001817a 4500
003 OSt
005 20260303002203.0
008 260202b |||||||| |||| 00| 0 eng d
020 _a978-971-635-033-3 (hb)
040 _aDWCL-Main Lib
_cOC
082 _aGR. 499.21103 Un54 2009
100 _aAlmario, Virgilio S.
245 _aUP diksyonaryong Filipino
260 _aQuezon City :
_bUP Sentro ng Wikang Filipino-Diliman,
_cc2009.
300 _axxi , 1350 p. ;
_c28 cm.
650 _aFilipino language--Dictionaries. I. Almario, Virgilio S.
942 _2ddc
_cGR
_eBinagong edisyon.
_mGR.
_n0
999 _c8123
_d8123